000 00547cam a2200193 a 4500
001 sa 65000690
003 DLC
005 20260227112104.0
008 841018s1963 pk 000 f urdo
010 _asa 65000690
040 _aDLC
_cDLC
050 0 0 _aPK2199.A285
_bZ49 1963
100 0 _aAe. Ār. K̲h̲ātūn,
_d1900-1965.
245 1 0 _aZevar :
_bek muʻāsharatī va iṣlāḥī nāvil /
_cAe. Ār. K̲h̲ātūn.
260 _aLāhaur :
_bMark̲h̲zan-i Adab,
_c1963.
300 _a2 v. ;
_c19 cm.
500 _aNovel.
546 _aIn Urdu.
999 _c61668
_d61668